| 000 | 00801nam a2200229Ia 4500 | ||
|---|---|---|---|
| 003 | OSt | ||
| 005 | 20200925154405.0 | ||
| 008 | 191128s2008 ck gr 000 0 spa d | ||
| 040 |
_aCO-JMCR _cCO-JMCR |
||
| 041 | 0 | _aspa | |
| 082 | 0 | 4 |
_a923.186 / _bC112c _223 |
| 100 | 1 |
_aCaballero Argáez, Carlos, _eautor _92409 |
|
| 245 | 1 | 3 |
_aEl corazón de la patria / _cCarlos Caballero Argáez y Belisario Betancur |
| 260 |
_aBogotá : _bBoom Servicios Gráficos integrados [impresor], _cimpresión 2008 |
||
| 300 |
_a36 páginas ; _c24 cm. |
||
| 500 | _aLetra inicial capital. | ||
| 600 | 1 |
_aBetancur Cuartas, Belisario, _y1923 _910885 |
|
| 650 | 1 | 4 |
_aPensamiento político y social _94686 |
| 650 | 1 | 4 |
_aCrítica e interpretación _910886 |
| 700 | 1 |
_aBetancur, Belisario, _eautor _910887 |
|
| 942 |
_2ddc _cBK |
||
| 999 |
_c4118 _d4118 |
||